Política y sociedad en Honduras

Αποθηκεύτηκε σε:
Λεπτομέρειες βιβλιογραφικής εγγραφής
Κύριος συγγραφέας: Meza, Víctor Orlando
Μορφή: Κείμενο
Έκδοση: Tegucigalpa: Guaymuras
Ετικέτες: Προσθήκη ετικέτας
Δεν υπάρχουν, Καταχωρήστε ετικέτα πρώτοι!

MARC

LEADER 00000 a a2200000 04500
001 23845
003
040
090 |a 164100  
100 |a Meza, Víctor Orlando  
245 |a Política y sociedad en Honduras  
260 |a Tegucigalpa:   |b Guaymuras  
300 |a 397 p.  
999 |c 5758  |d 5758